<?xml version="1.0" encoding="UTF-8"?>
<record
    xmlns:xsi="http://www.w3.org/2001/XMLSchema-instance"
    xsi:schemaLocation="http://www.loc.gov/MARC21/slim http://www.loc.gov/standards/marcxml/schema/MARC21slim.xsd"
    xmlns="http://www.loc.gov/MARC21/slim">

  <leader>01485nam a22003257a 4500</leader>
  <controlfield tag="001">00186</controlfield>
  <controlfield tag="003">DO-SdBNP</controlfield>
  <controlfield tag="005">20160627132501.0</controlfield>
  <controlfield tag="007">00186</controlfield>
  <controlfield tag="008">160413b   dr 1998||||| |||| 00| 0 spa d</controlfield>
  <datafield tag="020" ind1=" " ind2=" ">
    <subfield code="a">9788482611167</subfield>
  </datafield>
  <datafield tag="040" ind1=" " ind2=" ">
    <subfield code="a">BPMSU</subfield>
    <subfield code="b">spa</subfield>
    <subfield code="c">BPMSU</subfield>
  </datafield>
  <datafield tag="092" ind1=" " ind2=" ">
    <subfield code="a">373.7</subfield>
    <subfield code="b">P762m   1ro.   1998</subfield>
  </datafield>
  <datafield tag="100" ind1="1" ind2=" ">
    <subfield code="a">Polanco Rivera, Eugenio</subfield>
  </datafield>
  <datafield tag="245" ind1="1" ind2=" ">
    <subfield code="a">Matem&#xE1;ticas ; primer curso segundo ciclo :</subfield>
    <subfield code="b">[educaci&#xF3;n media] </subfield>
    <subfield code="c">Eugenio Polanco Rivera ; direcci&#xF3;n editorial Obdulia Garc&#xED;a de Escobar</subfield>
  </datafield>
  <datafield tag="260" ind1=" " ind2=" ">
    <subfield code="a">Santo Domingo :</subfield>
    <subfield code="b">Santillana,</subfield>
    <subfield code="c">1998.</subfield>
  </datafield>
  <datafield tag="300" ind1=" " ind2=" ">
    <subfield code="a">103 p. :</subfield>
    <subfield code="b">il., </subfield>
    <subfield code="c">27 cm.</subfield>
  </datafield>
  <datafield tag="500" ind1=" " ind2=" ">
    <subfield code="a">Curso 1ro. / segundo ciclo</subfield>
  </datafield>
  <datafield tag="500" ind1=" " ind2=" ">
    <subfield code="a">La biblioteca posee el cuaderno de ejercicios</subfield>
  </datafield>
  <datafield tag="505" ind1=" " ind2=" ">
    <subfield code="g">&#xC1;lgebra de matrices --</subfield>
    <subfield code="g">Sistema de ecuaciones --</subfield>
    <subfield code="g">Sistema de inecuaciones --</subfield>
    <subfield code="g">Funciones I --</subfield>
    <subfield code="g">La funci&#xF3;n exponencial --</subfield>
    <subfield code="g">La funci&#xF3;n logar&#xED;tmica --</subfield>
    <subfield code="g">Funciones trigonom&#xE9;tricas --</subfield>
    <subfield code="g">La recta en el plano --</subfield>
    <subfield code="g">Curvas de segundo grado --</subfield>
    <subfield code="g">Sucesiones y series --</subfield>
    <subfield code="g">funciones II --</subfield>
    <subfield code="g">&#xC1;rea de figuras planas --</subfield>
    <subfield code="g">S&#xF3;lidos geom&#xE9;tricos --</subfield>
    <subfield code="g">Estad&#xED;stica --</subfield>
    <subfield code="g">Probabilidades.
</subfield>
  </datafield>
  <datafield tag="650" ind1=" " ind2="4">
    <subfield code="a">MATEM&#xC1;TICAS</subfield>
    <subfield code="x">ENSE&#xD1;ANZA B&#xC1;SICA</subfield>
  </datafield>
  <datafield tag="650" ind1=" " ind2="4">
    <subfield code="a">MATEM&#xC1;TICAS</subfield>
    <subfield code="x">EDUCACI&#xD3;N PRIMARIA</subfield>
  </datafield>
  <datafield tag="650" ind1=" " ind2="4">
    <subfield code="a">MATEM&#xC1;TICAS</subfield>
    <subfield code="x">ESTUDIOS Y EJERCICIOS</subfield>
  </datafield>
  <datafield tag="650" ind1=" " ind2="4">
    <subfield code="a">MATEM&#xC1;TICAS</subfield>
    <subfield code="x">LIBROS DE TEXTOS</subfield>
  </datafield>
  <datafield tag="650" ind1=" " ind2="4">
    <subfield code="a">EDUCACI&#xD3;N PRIMARIA</subfield>
    <subfield code="z">REP&#xDA;BLICA DOMINICANA</subfield>
  </datafield>
  <datafield tag="700" ind1="1" ind2=" ">
    <subfield code="a">Garc&#xED;a de Escobar, Obdulia,</subfield>
    <subfield code="3"> ed.</subfield>
  </datafield>
  <datafield tag="910" ind1=" " ind2=" ">
    <subfield code="a">Validado. Control de calidad MFF</subfield>
  </datafield>
  <datafield tag="942" ind1=" " ind2=" ">
    <subfield code="2">ddc</subfield>
    <subfield code="c">BK</subfield>
  </datafield>
  <datafield tag="952" ind1=" " ind2=" ">
    <subfield code="0">0</subfield>
    <subfield code="1">0</subfield>
    <subfield code="2">ddc</subfield>
    <subfield code="4">0</subfield>
    <subfield code="7">0</subfield>
    <subfield code="8">ESC</subfield>
    <subfield code="a">BPMET</subfield>
    <subfield code="b">BPMET</subfield>
    <subfield code="d">2016-04-13</subfield>
    <subfield code="e">Donaci&#xF3;n</subfield>
    <subfield code="l">0</subfield>
    <subfield code="o">373.7    P762m     1ro. 1998   Cuaderno</subfield>
    <subfield code="p">BPMESU16040394</subfield>
    <subfield code="r">2016-04-13</subfield>
    <subfield code="w">2016-04-13</subfield>
    <subfield code="y">BK</subfield>
  </datafield>
  <datafield tag="956" ind1=" " ind2=" ">
    <subfield code="a">Brenda Tav&#xE1;rez</subfield>
  </datafield>
  <datafield tag="999" ind1=" " ind2=" ">
    <subfield code="c">9743</subfield>
    <subfield code="d">9743</subfield>
  </datafield>
</record>
